Normal view
MARC view
- Dr. Salam Atif.
Entry Personal Name
001 - CONTROL NUMBER
- control field: 28996
003 - CONTROL NUMBER IDENTIFIER
- control field: NUST
005 - DATE AND TIME OF LATEST TRANSACTION
- control field: 20200316121024.0
008 - FIXED-LENGTH DATA ELEMENTS
- fixed length control field: 200316|| aca||aabn | a|a d
040 ## - CATALOGING SOURCE
- Original cataloging agency: NUST
- Transcribing agency: NUST
100 ## - HEADING--PERSONAL NAME
- Personal name: Dr. Salam Atif.
670 ## - SOURCE DATA FOUND
- Source citation: Work cat.: (NUST): Imran, Amer Minhas 28995, GIS-Based Geo Hazard Assessment of Pakistan for Future Urban Development Using AHP /, 2014.
